James Bond Theme songs - Statistics

General Stats
  • This quiz has been taken 3,806 times
    3,390 since last reset
  • The average score is 14 of 23
Answer Stats
Hint Performed by Song % Correct
23. Adele Skyfall
94%
08. Paul McCartney & Wings Live and Let Die
87%
03. Shirley Bassey Goldfinger
85%
07. Shirley Bassey Diamonds Are Forever
85%
11. Shirley Bassey Moonraker
85%
14. Duran Duran A View to a Kill
81%
20. Madonna Die Another Day
78%
17. Tina Turner GoldenEye
70%
15. a-ha The Living Daylights
67%
04. Tom Jones Thunderball
66%
10. Carly Simon Nobody Does It Better
62%
12. Sheena Easton For Your Eyes Only
60%
06. Louis Armstrong We Have All the Time in the World
56%
19. Garbage The World Is Not Enough
53%
09. Lulu The Man with the Golden Gun
53%
05. Nancy Sinatra You Only Live Twice
52%
22. Jack White & Alicia Keys Another Way to Die
50%
21. Chris Cornell You Know My Name
46%
18. Sheryl Crow Tomorrow Never Dies
44%
02. Matt Monro From Russia with Love
42%
01. Monty Norman James Bond Theme
42%
16. Gladys Knight Licence to Kill
41%
13. Rita Coolidge All Time High
32%
No matching quizzes found
Score Distribution
Percent of People with Each Score
Percentile by Number Answered
Your Score History
You have not taken this quiz since the last reset